LIBRARY & INFORMATION CENTRE, KCAET, TAVANUR

ONLINE PUBLIC ACCESS CATALOGUE (OPAC)

Sensory evaluation techniques / (Record no. 13288)

MARC details
000 -LEADER
fixed length control field 00477cam a2200181ua 4500
041 ## - LANGUAGE CODE
Language code of text/sound track or separate title eng
082 ## - DEWEY DECIMAL CLASSIFICATION NUMBER
Classification number 664.07
Item number MEI/SE
100 ## - MAIN ENTRY--AUTHOR NAME
Personal name Meilgaard, Morten .
245 ## - TITLE STATEMENT
Title Sensory evaluation techniques /
250 ## - EDITION STATEMENT
Edition statement 3 /
260 ## - PUBLICATION, DISTRIBUTION, ETC. (IMPRINT)
Place of publication Bocaratton :
Name of publisher CRC Press Inc. ,
Year of publication 1999.
300 ## - PHYSICAL DESCRIPTION
Number of Pages 387 ;
Accompanying material CD.
700 1# - ADDED ENTRY--PERSONAL NAME
Personal name Carr, Thomas B .
700 1# - ADDED ENTRY--PERSONAL NAME
Personal name Civille , Gail Vance .
942 ## - ADDED ENTRY ELEMENTS (KOHA)
Koha item type Books
Holdings
Withdrawn status Lost status Damaged status Home library Current library Date acquired Full call number Accession Number Koha item type
      KAUAET KAUAET 07/04/2012 664.07 21576 Books
free website counter